• 首页
  • 本馆介绍
  • 公告通知
  • 最新文献
  • 馆藏检索
  • 电子资源
  • 读者导购
  • 参考咨询
  • 我的图书馆
  • 登录
  • 详细信息显示
  • 放入我的书架
  • 预约/预借图书
  • 作者相关作品
  • 分类相关作品
  • 丛书相关作品
  • 出版社相关作品

书目信息

  • 表格格式
  • 工作单格式
  • 卡片格式
题名:
新编大学军事教程
    
 
作者: 糜振玉 , 范震江 总主编
分册:  
出版信息: 北京   军事科学出版社  2005.07
页数: 246页
开本: 23cm
丛书名:
单 册:
中图分类: E0-43
科图分类:
主题词: 军事科学--高等学校--教材
电子资源:
ISBN: 7-80137-662-5
000 00931nam0 2200277 450
001 0104000022
005 20051012111123.1
010    @a7-80137-662-5@dCNY18.00
100    @a20081124d2005 ekmy0chiy0120 ea
101 0  @achi
102    @aCN@b110000
105    @aa z 000yy
106    @ar
200 1  @a新编大学军事教程@AXin Bian Da Xue Jun Shi Jiao Cheng@f糜振玉, 范震江总主编@FMi Zhen Yu , Fan Zhen Jiang Zong Zhu Bian
205    @a第2版
210    @a北京@c军事科学出版社@d2005.07
215    @a246页@c图@d23cm
300    @a全国普通高等学校适用教材
330    @a本教材共十章。分别阐述了中国国防、军事思想、世界军事、军事高技术、高技术战争、共同条令教育与训练、轻武器射击等内容。
606 0  @a军事科学@x高等学校@j教材
690    @aE0-43@v4
701  0 @a糜振玉@AMi Zhen Yu@4总主编
701  0 @a范震江@AFan Zhen Jiang@4总主编
801  0 @aCN@bHTDF@c20081124
905    @aBZT@dE0-43@e1@f10
906    @dCNY18.00@n0@r1
    
    新编大学军事教程/糜振玉, 范震江总主编.-第2版.-北京:军事科学出版社,2005.07
    246页:图;23cm
    全国普通高等学校适用教材
    
    ISBN 7-80137-662-5:CNY18.00
    本教材共十章。分别阐述了中国国防、军事思想、世界军事、军事高技术、高技术战争、共同条令教育与训练、轻武器射击等内容。
●
相关链接 在五车中查询图书 在当当中查询图书 在豆瓣中查询图书


正题名:新编大学军事教程     索取号:E0-43/1         预约/预借

序号 登录号 条形码 馆藏地/架位号 状态 备注
1 716622   2000716622   中心书库北库/ 北库004架A面5列5层4/ [索取号:E0-43/1] 在馆    
2 716623   2000716623   中心书库北库/ 北库004架A面5列5层3/ [索取号:E0-43/1] 在馆    
3 716624   2000716624   中心书库北库/ 北库004架A面5列5层2/ [索取号:E0-43/1] 在馆    
4 716625   2000716625   中心书库北库/ 北库004架A面5列5层5/ [索取号:E0-43/1] 在馆    
5 716626   2000716626   中心书库北库/ 北库004架A面5列5层10/ [索取号:E0-43/1] 在馆    
6 716627   2000716627   中心书库北库/ 北库004架A面5列5层6/ [索取号:E0-43/1] 在馆    
7 716628   2000716628   中心书库北库/ 北库004架A面5列5层1/ [索取号:E0-43/1] 在馆    
8 716629   2000716629   中心书库北库/ 北库004架A面5列5层9/ [索取号:E0-43/1] 在馆    
9 716630   2000716630   中心书库北库/ 北库004架A面5列5层7/ [索取号:E0-43/1] 在馆    
10 716631   2000716631   中心书库北库/ 北库004架A面5列5层8/ [索取号:E0-43/1] 在馆    
山东省滨州职业学院图书馆 欢迎您!
大连网信软件有限公司© 版权所有